Apró Antal látogatása Szegeden

Elmentve itt :
Bibliográfiai részletek
Dokumentumtípus: Cikk
Megjelent: 1980-04-15
Sorozat:Délmagyarország 70 No. 87
Kulcsszavak:Apró Antal
Online Access:http://dmarchiv.bibl.u-szeged.hu/91171
LEADER 00399nab a2200145 i 4500
001 delm91171
005 20190606131021.0
008 190606s1980 hu o 0|| hun d
040 |a SZTE Délmagyarország Archívum  |b hun 
041 |a hun 
245 0 0 |a Apró Antal látogatása Szegeden  |h [elektronikus dokumentum] 
260 |c 1980-04-15 
300 |a 1 
490 0 |a Délmagyarország  |v 70 No. 87 
695 |a Apró Antal